00630nam a22001697a 450000500170000001000150001702000270003203500140005903700130007308200170008624501220010326000370022527001150026230000200037771000350039771000280043220231211103058.0 aENG-138569 a9788175415881c1600.00 aEN-122101 bDBAD/PUB a330.9582COM aCommunities, Institutions and 'Transition' in Post. 1991 Eurasia/cEdited By Suchandana Chatterjee and Anita Sengupta aDelhibShipra Publicationsc2011 bDelhiaH.O.: LG 18-19, Pankaj Central Market, Patparganj, e110092k91-11-22235152mwww.shiprapublications.com a494p.c22cm(hb) aChatterjee, SuchandanaeEditor aSengupta, AnitaeEditor